000
nam a22 7a 4500
999
_c
234941
_d
234941
003
Nust
005
20170403143052.0
008
170403b xxu||||| |||| 00| 0 eng d
040
_c
dlc
082
_a
620.136 ACI
245
_a
ACI Manual of Concrete Practice 2010 Part 2 ACI 225R-99(05) to ACI 315-99
942
_2
ddc
_c
BK